| 000 | 00823 a2200241 4500 | ||
|---|---|---|---|
| 003 | OSt | ||
| 005 | 20180116192400.0 | ||
| 008 | 120702t xxu||||| |||| 00| 0 eng d | ||
| 020 | _a0714831611 | ||
| 020 | _a9780714839790 | ||
| 040 | _c0 | ||
| 082 | _a738.609 | ||
| 100 |
_aHerbert, Tony _95245 |
||
| 245 | 1 | 4 |
_aThe decorative tile in architecture and interiors / _cTony Herbert and Kathryn Huggins. |
| 260 |
_aLondon : _bPhaidon, |c 1995. _c1995. |
||
| 300 |
_a240p. : _b ill. (some col.), ports. ; _c30cm. |
||
| 500 | _aBibliography: p234-235. _ Includes index. | ||
| 650 | 1 | 0 |
_aTiles _xDesign _xHistory. _95246 |
| 650 | 1 | 0 |
_aTiles in interior decoration _xHistory. _95247 |
| 700 | 1 |
_4Huggins, Kathryn. _95248 |
|
| 942 |
_aSADA _cBK _k738.609 HER 1995 _2ddc |
||
| 999 |
_c353266 _d353266 |
||